Primer curso de contabilidad /
Guardado en:
| Autor Principal: | |
|---|---|
| Formato: | Libro |
| Publicado: |
Buenos Aires :
El Ateneo,
1957
|
| Edición: | 9a. ed. |
| Materias: | |
| Etiquetas: |
Agregar Etiqueta
Sin Etiquetas, Sea el primero en etiquetar este registro!
|
| LEADER | 00651nam a22001935a 4500 | ||
|---|---|---|---|
| 001 | CEM.cems002545 | ||
| 005 | 20060222000000.0 | ||
| 008 | 130507s1957##################000#0#####d | ||
| 003 | CEMS | ||
| 082 | 0 | 4 | |a 657 |
| 100 | 1 | |a Floriani, Humberto | |
| 245 | 1 | 0 | |a Primer curso de contabilidad / |
| 250 | |a 9a. ed. | ||
| 260 | |a Buenos Aires : |b El Ateneo, |c 1957 | ||
| 300 | |a 354 p. | ||
| 505 | 0 | |a Sociedades.-Consignaciones y comisiones.-Agentes auxiliares de comercio. -Teneduría de libros.-Balance general.-Inventario.-Estado general. | |
| 653 | |a Contabilidad | ||
| 653 | |a Contabilidad 1er. año | ||
| 859 | |a CEMS |b BIB. CEMS - 11 de abril |h 657 |i F663a9/I |p 5076.76 |t Ej.1 | ||
